Highest Paid Dead Celebrities 2018 - Statistics

General Stats
  • This quiz has been taken 47 times
  • The average score is 3 of 10
Answer Stats
Earnings Name Field % Correct
$400m Michael Jackson Music
93%
$40m Elvis Presley Music
80%
$12m John Lennon Music
67%
$13m Prince Music
38%
$14m Marilyn Monroe Film
22%
$23m Bob Marley Music
13%
$16m Dr. Seuss Author
9%
$34m Charles Schulz Artist
4%
$35m Arnold Palmer Sports
2%
$15m Hugh Hefner Publishing
0%
No matching quizzes found
Score Distribution
Percent of People with Each Score
Percentile by Number Answered
Your Score History
You have not taken this quiz